Statistics for People in Pictures with Xi Jinping

Click here to take the quiz!

General Stats

  • This quiz has been taken 73 times
  • The average score is 10 of 16

Answer Stats

Answer% Correct
Barack Obama
98%
Donald Trump
98%
Joe Biden
98%
Queen Elizabeth II
98%
Kim Jong-un
96%
Vladimir Putin
95%
Justin Trudeau
79%
Shinzo Abe
71%
Prince William
68%
Narendra Modi
61%
David Cameron
52%
King Salman
27%
Hu Jintao
18%
Anthony Albanese
14%
Michel Temer
11%
Cyril Ramaphosa
5%

Score Distribution

Percentile by Number Answered

Percent of People with Each Score

Your Score History

You have not taken this quiz